Becoming (Record no. 369835)

MARC details
000 -LEADER
fixed length control field 00438nam a2200169 4500
005 - DATE AND TIME OF LATEST TRANSACTION
control field 20260109154553.0
008 - FIXED-LENGTH DATA ELEMENTS--GENERAL INFORMATION
fixed length control field 260109b |||||||| |||| 00| 0 eng d
020 ## - INTERNATIONAL STANDARD BOOK NUMBER
International Standard Book Number 978-0-241-98297-6
041 ## - LANGUAGE CODE
Language code of text/sound track or separate title English
082 ## - DEWEY DECIMAL CLASSIFICATION NUMBER
Classification number X 973.932092 OBA
Item number B12157
100 ## - MAIN ENTRY--PERSONAL NAME
Author Obama, Michelle
245 ## - TITLE STATEMENT
Title Becoming
260 ## - PUBLICATION, DISTRIBUTION, ETC.
Place of publication, distribution, etc. New Delhi
Name of publisher, distributor, etc. Penguin Random House
Date of publication, distribution, etc. 2021
300 ## - PHYSICAL DESCRIPTION
Extent xix,441p
Other physical details pb
365 ## - TRADE PRICE
Price type code Rupaye
Price amount 487
Currency code INR
942 ## - ADDED ENTRY ELEMENTS (KOHA)
Koha item type Books
Holdings
Withdrawn status Lost status Source of classification or shelving scheme Damaged status Not for loan Collection code Home library Current library Date acquired Vendor Net Price Bill number Total Checkouts Full call number Barcode Date last seen Discount Actual Price Bill Date Koha item type Original Barcode
    Dewey Decimal Classification     Fiction Smt. Bakul Tambat Institute of Nursing Education Smt. Bakul Tambat Institute of Nursing Education 30/12/2025 Amazon(online) 171-7297983-2534761 467.52 XIA4-103659   X 973.932092 OBA B12157 BTIN-BK-12157 09/01/2026 19.48 487.00 02/12/2025 Books BTIN-BK-12157